|
|
|
|
| LEADER |
00000cam a2200000 7i4500 |
| 001 |
0000004181 |
| 005 |
20190108.0 |
| 020 |
0 |
0 |
|a 9789670524917
|
| 090 |
0 |
0 |
|a 577.6809595112
|b SET 2015
|
| 245 |
0 |
4 |
|a Setiu wetlands :
|b species, ecosystems and levelihoods
|c editors Faridah Mohamad ...[et.all]
|
| 260 |
0 |
0 |
|a UMT :
|b Universiti Malaysia Terengganu ,
|c 2015
|
| 300 |
|
|
|a xii, 228 pages :
|b col.ill ;
|c 24cm.
|
| 440 |
0 |
0 |
|a Wetlands ecology---Terengganu---Setiu
|
| 650 |
0 |
0 |
|a Wetlands---Terengganu---Setiu
|
| 700 |
0 |
1 |
|a Jamilah Mohd Salim
|
| 700 |
0 |
1 |
|a Jarina Mohd Jani
|
| 700 |
0 |
1 |
|a Rohani Shahrudin
|
| 998 |
|
|
|a JPSM
|
| 999 |
|
|
|a 008061
|b Monograph
|c Open Shelf
|e Default branch
|